| 000 | 00402nam a22001457a 4500 | ||
|---|---|---|---|
| 003 | MACL | ||
| 005 | 20200722170547.0 | ||
| 008 | 200722b xxu||||| |||| 00| 0 eng d | ||
| 040 | _cMACL | ||
| 100 |
_aBatra,Promila _979209 |
||
| 245 | _aThe Daughter Deficit Congnitve Reengineering of Misogyny | ||
| 260 |
_aNew Delhi _bThe Readers Paradise _c2017 |
||
| 650 |
_aSocial Science _979210 |
||
| 942 |
_2ddc _cBK |
||
| 999 |
_c62795 _d62795 |
||